El cuerpo humano /

Guardado en:
Autor Principal: Rayner, C.
Formato: Libro
Publicado: Barcelona : Orbis-hyspamerica, 1985
Materias:
Etiquetas: Agregar Etiqueta
Sin Etiquetas, Sea el primero en etiquetar este registro!
LEADER 01240nam a22002175a 4500
001 CEM.cems005316
005 20060220000000.0
008 130507s1985##################000#0#####d
003 CEMS
082 0 4 |a 611.81 
100 1 |a Rayner, C. 
245 1 0 |a El cuerpo humano / 
260 |a Barcelona :  |b Orbis-hyspamerica,  |c 1985 
300 |a 152 p. 
505 0 |a Organizaci¢n del protoplasma.-Sangre y medio interno.-El trabajo del coraz¢n: ciclo card¡aco; transtornos del coraz¢n; adaptaci¢n card¡aca a la actividad f¡sica.-Circulaci¢n de la sangre y presi¢n sangu¡nea. -Aparato respiratorio: mec nica de la respiraci¢n.-Funciónes del tubo digestivo.-Metabolismo: utilizaci¢n de los alimentos; calor animal; regulaci¢n de la temperatura corporal; dieta y nutrici¢n; uso de alcohol y tabaco; residuos metab¢licos.-Fisiolog¡a muscular y nerviosa. -Cerebro y m'dula espinal.-Sentidos.-Gl ndulas de secreci¢n interna. -Defensas org nicas contra la enfermedad.-Reproducci¢n y primeras fases del desarrllo. 
653 |a Anatomia 
653 |a Hombre-sentidos 
653 |a Hombre-sistema reproductor 
653 |a Ingenieria genetica 
653 |a Percepcion visual 
859 |a CEMS  |b BIB. CEMS - 11 de abril  |h 611.81  |i R218/II  |p 14343.86  |t Ej.1